| 000 | 00000nam 2200000za 4500 |
| 001 | 9.581468 |
| 003 | CaOODSP |
| 005 | 20251031142446 |
| 007 | cr ||||||||||| |
| 008 | 150406s2013 onc|||||o f|0| 0 eng d |
| 040 | |aCaOODSP|beng |
| 043 | |an-cn--- |
| 086 | 1 |aM183-2/7387E-PDF |
| 245 | 00|aIndicator mineral abundance data for bedrock, till, and stream sediment samples from the Sisson W-Mo deposit, New Brunswick |h[electronic resource] / |c[by] M.B. McClenaghan ... [et al.]. |
| 260 | |aOttawa : |bNatural Resources Canada, |c2013. |
| 300 | |a18 p.|bfigs., graphs, maps. |
| 490 | 1 |aOpen file (Geological Survey of Canada) ; |v7387 |
| 504 | |aInlcudes bibliographic references. |
| 520 | |aThis publication reports sample location information and raw laboratory heavy mineral data for till, stream sediment, and bedrock samples from and around the Sisson W-Mo deposit in west central, New Brunswick. |
| 692 | 07|2gccst|aGeochemistry |
| 692 | 07|2gccst|aSurficial geology |
| 692 | 07|2gccst|aGeomorphology |
| 700 | 1 |aMcClenaghan, Margaret Beth, |d1960- |
| 710 | 1 |aCanada. |bNatural Resources Canada. |
| 710 | 2 |aGeological Survey of Canada. |
| 830 | #0|aOpen file (Geological Survey of Canada)|v7387|w(CaOODSP)9.506878 |
| 856 | 40|qPDF|s14.14 MB|uhttps://publications.gc.ca/collections/collection_2015/rncan-nrcan/M183-2-7387-eng.pdf |